000 00642nam a2200241Ia 4500
003 OSt
005 20220918202005.0
006 a|||||r|||| 00| 0
007 ta
008 220917b |||||||| |||| 00| 0 eng d
024 _a97,949
037 _cTextual
040 _aARTS
_cARTS
_beng
041 _2eng
_aeng
082 _aV2:1:(X).M, L8
100 _aAmbirajan S
_9101651
245 0 _aClassical politics economy and British policy in India
260 _aNew Delhi
_bVikas
_c1978
300 _avii, 301p.
_ccm.
650 _aHISTORY
942 _hV2:1:(X).M, L8
_cTEXL
_2CC
999 _c221543
_d221543